Statistiken für Hauptstädte mit dem Buchstaben E als zweitem Buchstaben

Klicken Sie hier um das Quiz zu spielen!

Allgemein

  • Dieses Quiz wurde 366 mal gespielt
  • Das Durchschnittsergebnis liegt bei 11 aus 17

Antwortstatistiken

Hauptstadt% Korrekt
Berlin
98%
Bern
91%
Peking
73%
Helsinki
73%
Belgrad
71%
Mexiko-Stadt
70%
Teheran
66%
Wellington
64%
Neu-Delhi
64%
Seoul
63%
Reykjavik
63%
Beirut
61%
Belmopan
58%
Jerusalem
54%
Jerewan
53%
Tegucigalpa
53%
Georgetown
41%

Verteilung der Resultate

Perzentil nach korrekt beantworteten Fragen

Anzahl Personen mit jedem Resultat

Ihre Resultats-Entwicklung

Sie haben dieses Quiz noch nicht gespielt